Carpooling GT, aplicación para compartir vehículos / (Registro nro. 2329)

Detalles MARC
000 -LEADER
campo de control de longitud fija 02084nam a22003737a 4500
001 - NÚMERO DE CONTROL
campo de control 42835
003 - IDENTIFICADOR DE NÚMERO DE CONTROL
campo de control gtgccic
005 - FECHA Y HORA DE LA ÚLTIMA TRANSACCIÓN
campo de control 20251015100436.0
007 - CAMPO FIJO DE DESCRIPCIÓN FÍSICA--INFORMACIÓN GENERAL
campo de control de longitud fija ta
008 - DATOS DE LONGITUD FIJA--INFORMACIÓN GENERAL
campo de control de longitud fija 251014b gt ||||| |||| 00| 0 spa d
040 ## - FUENTE DE CATALOGACIÓN
Centro catalogador/agencia de origen gtgccic
Lengua de catalogación spa
Centro/agencia transcriptor gtgccic
Normas de descripción rda
084 ## - OTRO NÚMERO DE CLASIFICACIÓN
Número de control del registro de autoridad o número normalizado TPI-15-0067
100 10 - ENTRADA PRINCIPAL--NOMBRE DE PERSONA
Nombre de persona Gabriela María Díaz Domínguez
Fechas asociadas al nombre Ingeniera en Ciencias y Sistemas
Término indicativo de función/relación autor
245 10 - MENCIÓN DEL TÍTULO
Título Carpooling GT, aplicación para compartir vehículos /
Mención de responsabilidad, etc. Díaz Domínguez, Gabriela María
264 #1 - PRODUCCIÓN, PUBLICACIÓN, DISTRIBUCIÓN, FABRICACIÓN Y COPYRIGHT
Producción, publicación, distribución, fabricación y copyright Guatemala, Guatemala :
Nombre del de productor, editor, distribuidor, fabricante USAC, Facultad de Ingeniería ;
Fecha de producción, publicación, distribución, fabricación o copyright 2015.-
300 ## - DESCRIPCIÓN FÍSICA
Extensión xxvi, 73 p. :
Otras características físicas il. ;
Dimensiones 27 cm
336 ## - TIPO DE CONTENIDO
Fuente rdacontenido
Término de tipo de contenido Texto
Código de tipo de contenido txt
337 ## - TIPO DE MEDIO
Fuente rdamedio
Nombre/término del tipo de medio sin mediación
Código del tipo de medio n
338 ## - TIPO DE SOPORTE
Fuente rdasoporte
Nombre/término del tipo de soporte volumen
Código del tipo de soporte nc
502 ## - NOTA DE TESIS
Nota de tesis Tesis Postgrado
Tipo de título MAESTRO EN TECNOLOGÍAS DE LA INFORMACIÓN Y COMUNICACIÓN
Nombre de la institución que otorga el título USAC, Facultad de Ingeniería, Escuela de Postgrado
Año de obtención del título 2015
Identificador de la tesis TPI-15-0067
504 ## - NOTA DE BIBLIOGRAFÍA, ETC.
Nota de bibliografía, etc. Nota Bibliografía pag. 69
505 ## - NOTA DE CONTENIDO CON FORMATO
Título 1. ANTECEDENTES
505 ## - NOTA DE CONTENIDO CON FORMATO
Título 2. JUSTIFICACIÓN
505 ## - NOTA DE CONTENIDO CON FORMATO
Título 3. ALCANCES
505 ## - NOTA DE CONTENIDO CON FORMATO
Título 4. MARCO TEÓRICO
505 ## - NOTA DE CONTENIDO CON FORMATO
Título 5. PRESENTACIÓN DE RESULTADOS
505 ## - NOTA DE CONTENIDO CON FORMATO
Título 6. DISCUSIÓN DE RESULTADOS
520 #3 - RESUMEN, ETC.
Sumario, etc. En Guatemala, la mayoría de las personas se movilizan diariamente de diferentes formas, por medio de vehículo, taxi, caminando, bicicleta u otro medio de transporte. La mayoría de vehículos transportan a una persona. A través del carpooling, el vehículo puede trasladar varias personas y de esta forma mejorar la fluidez del tránsito. Carpooling GT es una nueva opción de aplicaciones móviles orientadas al concepto de carpooling para movilizarse dentro de la ciudad de Guatemala. Las personas cuentan con tiempo limitado para realizar sus actividades, el prototipo por su portabilidad hace al prototipo accesible y reduce el tiempo que el usuario invierte en buscar cómo movilizarse. Para que el tiempo de respuesta sea menor, se utilizó una arquitectura MVC.
650 ## - PUNTO DE ACCESO ADICIONAL DE MATERIA--TÉRMINO DE MATERIA
Término de materia o nombre geográfico como elemento de entrada VEHÍCULOS
650 ## - PUNTO DE ACCESO ADICIONAL DE MATERIA--TÉRMINO DE MATERIA
Término de materia o nombre geográfico como elemento de entrada MOVILIDAD
700 ## - ENTRADA AGREGADA--NOMBRE PERSONAL
Nombre de persona Inga. MS. Xiomara Cabrera de Anzueto
Término indicativo de función/relación asesor
942 ## - ELEMENTOS DE ENTRADA SECUNDARIOS (KOHA)
Fuente de la clasificación o esquema de estantería Clasificación Decimal Dewey
Tipo de ítem Koha TESISPOSTGRADO
945 ## - PROCESAMIENTO DE INFORMACIÓN LOCAL (OCLC)
a amlo
Existencias
Estatus retirado Estado de pérdida Fuente de la clasificación o esquema de estantería Estado de daño No para préstamo Biblioteca de origen Biblioteca actual Fecha de adquisición Número de inventario Total de préstamos Signatura topográfica completa Código de barras Visto por última vez Precio de reemplazo Tipo de ítem Koha Nota pública
    Clasificación Decimal Dewey     CENTRO DE INFORMACIÓN A LA CONSTRUCCIÓN-CICON CENTRO DE INFORMACIÓN A LA CONSTRUCCIÓN-CICON 14/10/2025 P20150067   TPI-15-0067 20150067 14/10/2025 14/10/2025 TESISPOSTGRADO disponible